000 00509nam a22001937a 4500
005 20220714142926.0
008 220714b ||||| |||| 00| 0 eng d
040 _cAL
041 _aEnglish
082 _223
_a325.2540
_bMAYI
100 _aAdrian C Mayer
_949401
245 _aIndians in Fiji
260 _aLondon
_bOxford University Press
_c1963
300 _a142 p.
_bPB
_c18.5x12 cm.
650 _aEast Indians
_949402
650 _aFiji
_949403
700 _aMAYER (Adrian C)
_949404
942 _2ddc
_cGF
999 _c223775
_d223775